000 00336nam a2200145Ia 4500
008 230718s9999 xx 000 0 und d
041 _aEng.
082 _a297.5
_bPH.-I
100 _aPh. D. Ediered
245 0 _aIntrooluction to mathematix
260 _aPakistan
_bMcGraw-Hill
_c1995
300 _a485
650 _aLaw
999 _c26848
_d26848